Game of Thrones House Quiz - Statistics

General Stats
  • This quiz has been taken 333 times
  • The average score is 9 of 15
Answer Stats
Hint Answer % Correct
What is the Seat of House Tyrell? Highgarden
91%
What House motto is "Family, Duty, Honour"? Tully
90%
What is the Motto of House Stark? "Winter is Coming"
90%
What is the Seat of House Stark? Winterfell
89%
What is the Seat of House Lannister? Casterly Rock
88%
What is the Seat of House Greyjoy? Pyke
78%
What is the Motto of House Greyjoy? "We do not Sow"
74%
What is the Motto of House Baratheon? "Ours is the Fury"
68%
What is the Bastard Surname in the Riverlands? Rivers
65%
What House is derivative from the seed of the Targaryen House? Baratheon
54%
What is the Motto of House Bolton? "Our Blades are Sharp"
46%
What is the motto of House Mormont? "Here We Stand"
35%
Which house was appointed by the Targaryens to rule in the stead of House Hoare? House Greyjoy
19%
What is the Sigil of House Clegane? 3 Black Dogs
3%
Which 3 houses were Destroyed during the "Targaryen Conquest"? House Durrandon, House Gardener, House Hoare
2%
No matching quizzes found
Score Distribution
Percent of People with Each Score
Percentile by Number Answered
Your Score History
You have not taken this quiz